|
|
|
|
| LEADER |
01159nam a2200277 a 4500 |
| 001 |
14250203 |
| 008 |
101004r20072006njua b 001 0 eng d |
| 010 |
|
|
|a 2006003472
|
| 020 |
|
|
|a 0321321308 (pbk. : alk. paper)
|
| 020 |
|
|
|a 9780321321305 (pbk. : alk. paper)
|
| 020 |
|
|
|a 8131713156
|
| 040 |
|
|
|a DLC
|c DLC
|d BAKER
|d C#P
|d DLC
|d BD-DhAAL
|
| 082 |
0 |
0 |
|a 005.1
|2 22
|
| 100 |
1 |
|
|a Kroll, Per.
|
| 245 |
1 |
0 |
|a Agility and discipline made easy :
|b practices from OpenUP and RUP /
|c Per Kroll, Bruce MacIsaac.
|
| 260 |
|
|
|a Upper Saddle River, NJ :
|b Addison-Wesley ;
|a New Delhi :
|b Pearson Education,
|c c2006.[Reprinted 2007]
|
| 300 |
|
|
|a xxii, 417 p. :
|b ill. ;
|c 23 cm.
|
| 490 |
0 |
|
|a The Addison-Wesley object technology series
|
| 504 |
|
|
|a Includes bibliographical references (p. 395-405) and index.
|
| 541 |
1 |
|
|e 00021246
|
| 650 |
|
0 |
|a Computer software
|x Development.
|
| 650 |
|
0 |
|a Software engineering.
|
| 700 |
1 |
|
|a MacIsaac, Bruce.
|
| 852 |
4 |
|
|a Ayesha Abed Library
|j General shelf
|
| 999 |
|
|
|c 9642
|d 9642
|
| 952 |
|
|
|0 0
|1 0
|2 ddc
|4 0
|6 005_100000000000000_KRO_2007
|7 0
|9 12267
|a BRACUL
|b BRACUL
|c GEN
|d 2010-10-05
|g 418.95
|l 0
|o 005.1 KRO
|p 3010021246
|r 2010-10-05
|t 1
|w 2010-10-05
|y BK
|